Vista normal
Vista MARC
Entrada Corporate Name
Número de registros utilizados en: 1
001 - CONTROL NUMBER
- control field: 2704
003 - CONTROL NUMBER IDENTIFIER
- control field: OSt
005 - DATE AND TIME OF LATEST TRANSACTION
- control field: 20131016142439.0
008 - FIXED-LENGTH DATA ELEMENTS
- fixed length control field: 131016|||a|||||| | ||| d
040 ## - CATALOGING SOURCE
- Original cataloging agency: OSt
- Transcribing agency: OSt
110 ## - HEADING--CORPORATE NAME
- Corporate name or jurisdiction name as entry element: Asociacion de Facultades de Ciencias Medicas de la Republica Argentina
670 ## - SOURCE DATA FOUND
- Source citation: Work cat.: (OSt): Asociacion de Facultades de Ciencias Medicas de la Republica Argentina, V Conferencia Argentina de Educacion Medica. Innovaciones para la Calidad de la Educacion Medica. Resumenes, 2003